[Event "4NCL Division One"]
[Site "Daventry, ENG"]
[Date "2024.05.05"]
[EventDate "2024.05.05"]
[Round "10.57"]
[White "Kazarian, Anna-Maja"]
[WhiteTitle "FM"]
[WhiteElo "2207"]
[WhiteTeam "Barnet Knights A"]
[Black "Roberson, Peter T"]
[BlackTitle "IM"]
[BlackElo "2485"]
[BlackTeam "The Sharks 1"]
[Result "0-1"]

1. e4 c5 2. Nf3 d6 3. d4 cxd4 4. Nxd4 Nf6 5. Nc3 Nc6 6. Be2 e5 7. Nb3 Be7 8.
Be3 O-O 9. O-O Be6 10. Qd2 a5 11. a4 Nb4 12. f4 Rc8 13. Rad1 Rxc3 14. bxc3 Nxe4
15. Qc1 Nxc3 16. Bb5 Nxd1 17. Qxd1 Qc7 18. Bd2 Nxc2 19. Nxa5 Nd4 20. Qb1 Nxb5
21. Qxb5 Qc2 22. Bb4 Qe4 23. fxe5 Bd5 24. Rf2 Bh4 25. Rd2 Qe3+ 0-1

[Event "4NCL Division One"]
[Site "Daventry, ENG"]
[Date "2024.05.05"]
[EventDate "2024.05.05"]
[Round "10.58"]
[White "Grieve, Harry"]
[WhiteTitle "IM"]
[WhiteElo "2477"]
[WhiteTeam "The Sharks 1"]
[Black "Josse, Mark"]
[BlackTitle "CM"]
[BlackElo "2261"]
[BlackTeam "Barnet Knights A"]
[Result "1-0"]

1. e4 e5 2. Nf3 Nc6 3. Bb5 a6 4. Ba4 Nf6 5. O-O b5 6. Bb3 Bc5 7. a4 Bb7 8. c3
d6 9. d4 Bb6 10. Re1 h6 11. Be3 O-O 12. d5 Na5 13. Bxb6 cxb6 14. axb5 axb5 15.
Bc2 Nc4 16. Rxa8 Qxa8 17. Qc1 Qa2 18. b3 Na5 19. Nfd2 Rc8 20. b4 Nc4 21. Bb3
Qa6 22. Nf1 Ra8 23. Nbd2 Bc8 24. f3 Bd7 25. Ne3 Nxe3 26. Rxe3 Nh5 27. g3 g6 28.
Re2 Kg7 29. Nf1 Qa1 30. Re1 Qxc1 31. Rxc1 f5 32. Nd2 Nf6 33. c4 fxe4 34. fxe4
g5 35. cxb5 Bxb5 36. Rc7+ Kg6 37. Rb7 Ra1+ 38. Kf2 Ng4+ 39. Kf3 Nxh2+ 40. Kg2
Nf1 41. Nxf1 Bxf1+ 42. Kf2 Bd3 43. Rxb6 Bxe4 44. Rxd6+ Kf5 45. Rd8 Rb1 46. Rf8+
Kg4 47. d6 Rb2+ 48. Ke1 Rxb3 49. d7 Rd3 50. d8=Q Rxd8 51. Rxd8 Kxg3 52. Rh8 g4
53. b5 Kf4 54. Rxh6 g3 55. b6 Kf3 56. Kf1 Ke3 57. Rh4 Bf3 58. Rh7 Kd2 59. Rd7+
Ke3 60. b7 g2+ 61. Kg1 1-0

[Event "4NCL Division One"]
[Site "Daventry, ENG"]
[Date "2024.05.05"]
[EventDate "2024.05.05"]
[Round "10.61"]
[White "Olson, Hamish"]
[WhiteTitle "FM"]
[WhiteElo "2362"]
[WhiteTeam "Alba"]
[Black "Claridge-Hansen, William"]
[BlackTitle "FM"]
[BlackElo "2360"]
[BlackTeam "Oxford 1"]
[Result "1/2-1/2"]

1. d4 Nf6 2. c4 e6 3. g3 d5 4. Nf3 Be7 5. Bg2 O-O 6. O-O c6 7. Qc2 b6 8. Nbd2
Bb7 9. e4 Na6 10. a3 c5 11. exd5 exd5 12. dxc5 Nxc5 13. b4 Ne6 14. Bb2 Rc8 15.
Ne5 Qc7 16. Rac1 d4 17. Bxb7 Qxb7 18. Qf5 g6 19. Qf3 Qc7 20. Rfe1 Nd7 21. Nxd7
Qxd7 22. Qd5 Rfd8 23. Qxd7 Rxd7 24. Nf3 Bf6 25. Red1 h5 26. h4 Bg7 27. Rd3 a5
28. Kf1 axb4 29. axb4 Rdc7 30. Nd2 Bh6 31. f4 Bf8 32. Rb3 Ra7 33. Ra1 Rxa1+ 34.
Bxa1 Ra8 35. Bb2 Ra4 36. Ba3 Ng7 37. Ne4 Be7 38. Ke2 Nf5 39. Kd3 Ra8 40. c5
bxc5 41. bxc5 Kf8 42. Bb2 Ke8 43. Bxd4 Rd8 44. Rb4 Bf8 45. Nf6+ Ke7 46. Rb7+
1/2-1/2

[Event "4NCL Division One"]
[Site "Daventry, ENG"]
[Date "2024.05.05"]
[EventDate "2024.05.05"]
[Round "10.62"]
[White "Khoury, Theo"]
[WhiteElo "2237"]
[WhiteTeam "Oxford 1"]
[Black "Waldhausen Gordon, Frederick"]
[BlackTitle "FM"]
[BlackElo "2362"]
[BlackTeam "Alba"]
[Result "0-1"]

1. e4 e5 2. Nf3 Nc6 3. d4 exd4 4. Nxd4 Nf6 5. Nxc6 bxc6 6. e5 Qe7 7. Qe2 Nd5 8.
h4 Qe6 9. Nd2 a5 10. Nf3 Ba6 11. c4 Qg4 12. h5 Nf4 13. Bxf4 Qxf4 14. h6 g6 15.
g3 Bb4+ 16. Kd1 Qg4 17. Rh4 Qe6 18. Bh3 Qe7 19. Re4 O-O-O 20. a3 Bc5 21. b4 Bb6
22. Rb1 Rhe8 23. Nd2 axb4 24. axb4 c5 25. b5 Bb7 26. Re3 Ba5 27. Ra1 Bb4 28.
Bg4 f5 29. Bf3 c6 30. Kc2 Kc7 31. Nb3 Ra8 32. Rxa8 Rxa8 33. Kb1 Qe6 34. Qd3 Rf8
35. Re2 g5 36. Bg2 g4 37. bxc6 dxc6 38. Qd6+ Qxd6 39. exd6+ Kxd6 40. Kc2 Rf6
41. Nc1 Rxh6 42. Nd3 Bc8 43. Nf4 Bd7 44. Kd3 Rh2 45. Ra2 Be1 46. Ke2 Bc3 47.
Kf1 Be5 48. Rd2+ Kc7 49. Nd3 Bd4 50. Nf4 Be5 51. Nd3 Bd6 52. Re2 Rh6 53. Ne5
Be6 54. Ke1 Bxe5 55. Rxe5 Kd6 56. Re3 Bxc4 0-1

[Event "4NCL Division One"]
[Site "Daventry, ENG"]
[Date "2024.05.05"]
[EventDate "2024.05.05"]
[Round "10.63"]
[White "Gourlay, Iain"]
[WhiteTitle "FM"]
[WhiteElo "2307"]
[WhiteTeam "Alba"]
[Black "Zakarian, David"]
[BlackTitle "FM"]
[BlackElo "2293"]
[BlackTeam "Oxford 1"]
[Result "0-1"]

1. c4 Nf6 2. g3 g6 3. Bg2 Bg7 4. Nf3 O-O 5. O-O c6 6. b3 Ne4 7. d4 d5 8. Bb2
Be6 9. Nbd2 Nxd2 10. Qxd2 h6 11. Ne5 Nd7 12. cxd5 cxd5 13. Qe3 Nxe5 14. dxe5
Qa5 15. Rfd1 Rac8 16. Qd2 Qa6 17. Bxd5 Bxd5 18. Qxd5 Qxe2 19. Rd2 Qa6 20. e6
Qxe6 21. Bxg7 Kxg7 22. Qxe6 fxe6 23. Rd7 Rc2 24. f4 Kf6 25. a4 a5 26. Rxb7 Rd8
27. Rb5 Rdd2 28. Rxa5 Rg2+ 29. Kh1 Rxh2+ 30. Kg1 Rcg2+ 31. Kf1 Rxg3 32. b4 h5
33. b5 Rb3 34. Kg1 Rhb2 35. Ra8 Kf5 36. Rf8+ Kg4 37. Rg8 Rg3+ 38. Kf1 Kh3 39.
Re1 Rgg2 40. Rxe6 Kh2 41. Rgxg6 Rb1+ 42. Re1 Rxe1+ 43. Kxe1 Rxg6 44. a5 Rg1+
45. Kd2 Rb1 46. b6 Rb5 0-1

[Event "4NCL Division One"]
[Site "Daventry, ENG"]
[Date "2024.05.05"]
[EventDate "2024.05.05"]
[Round "10.64"]
[White "Macfarlane, Donald"]
[WhiteElo "2289"]
[WhiteTeam "Oxford 1"]
[Black "Berry, Neil"]
[BlackTitle "FM"]
[BlackElo "2248"]
[BlackTeam "Alba"]
[Result "1/2-1/2"]

1. c4 e6 2. Nf3 d5 3. g3 Nf6 4. Bg2 d4 5. d3 Be7 6. O-O Nc6 7. e3 O-O 8. exd4
Nxd4 9. Nxd4 Qxd4 10. Nc3 e5 11. Be3 Qd8 12. h3 c6 13. d4 exd4 14. Qxd4 Be6 15.
Qxd8 Rfxd8 16. b3 Bf5 17. Rfd1 Bd3 18. Nd5 cxd5 19. Rxd3 dxc4 20. Rxd8+ Rxd8
21. bxc4 b6 22. a4 Rc8 23. a5 g6 24. axb6 1/2-1/2

[Event "4NCL Division One"]
[Site "Daventry, ENG"]
[Date "2024.05.05"]
[EventDate "2024.05.05"]
[Round "10.65"]
[White "Shafi, Declan"]
[WhiteElo "2226"]
[WhiteTeam "Alba"]
[Black "Powierski, Emil"]
[BlackElo "2282"]
[BlackTeam "Oxford 1"]
[Result "0-1"]

1. Nf3 d5 2. g3 Nf6 3. Bg2 c5 4. O-O e6 5. d4 cxd4 6. Nxd4 e5 7. Nb3 Nc6 8. Bg5
Be6 9. Nc3 d4 10. Ne4 Be7 11. Nec5 Bxc5 12. Nxc5 Qe7 13. Nd3 h6 14. Bxf6 gxf6
15. f4 Qd6 16. Rc1 Bd5 17. e4 Bc4 18. Bh3 h5 19. fxe5 fxe5 20. b3 Be6 21. Bxe6
Qxe6 22. Qf3 h4 23. Qf6 Qxf6 24. Rxf6 hxg3 25. hxg3 Ke7 26. Rcf1 Rh7 27. R1f2
Rg8 28. R6f3 Rg6 29. Rh2 Rxh2 30. Kxh2 b6 31. Rf5 Rh6+ 32. Kg2 f6 33. Rf1 Ke6
34. a3 Nd8 35. Nb4 Nf7 36. c3 dxc3 37. Nd5 c2 38. Rc1 Ng5 39. Rxc2 Nxe4 40. Nc3
Nd6 41. a4 Rg6 42. Rd2 Rg4 43. Rd3 Rd4 44. Rf3 Rd2+ 45. Kf1 Rb2 46. Nd1 Rb1 47.
Ke2 Nf5 48. Kd2 Nd4 49. Rd3 Rxb3 50. Nc3 Rb2+ 51. Kc1 Rg2 52. Nb5 Nxb5 53. axb5
Ra2 54. Kb1 Ra4 55. Kc2 Rc4+ 56. Kb3 Rd4 57. Rc3 e4 58. Rc8 Rd3+ 59. Kc4 Rxg3
60. Kd4 Kf5 61. Rh8 Rd3+ 62. Kc4 Rd7 63. Rh4 Ke5 64. Rh8 Rc7+ 0-1